MDQL
is popping MORE tags! Check the
thread
!
Quizzes
Events
Quiz Creation
Community
Videos
Private Events
Remove Ads
Sign In
Join for FREE
Feedback
Dark Mode
Quiz Categories
Sports
Geography
Music
Movies
Television
Just For Fun
Miscellaneous
History
Literature
Language
Science
Gaming
Entertainment
Religion
Holiday
For Kids
Quiz Lab
Recent
Popular Today
Quiz Kudos Today
Editor Picks
Curator Picks
Quizzes by...
Day
Popularity
Type
Ratings
Length
Year
Community
Subscriptions
Recent Discussions
Orange Saloon
Badges
Playlists
Quests
Create
Leaderboards
Showdown
Live 5
Trivia Bingo
Activity
Puzzle Library
Sporcle Events
Private Events
Virtual Trivia
Globe League
Become a Host
Pub Owners
SporcleCon
Opinionation
Our Games
Videos
Blog
Mobile Apps
Partnerships
Remove Ads and Go Orange
Feedback
Music
Pop Music
The Beatles
Song
Album
Lyrics
Bands
Singers
Artist
Clip
Rock
Rap
Classical
Billboard
Country Music
Kpop
Taylor Swift
Music
Pop Music
The Beatles
Song
Album
Lyrics
Bands
Singers
Artist
Clip
Rock
Rap
Classical
Billboard
Country Music
Kpop
Taylor Swift
Random Quiz
Search Sporcle
×
Quiz Lab
Quiz Lab
Music
Rock
Type in answers that appear in a list
Type in answers that appear in a list
Classic
Best Score? Go Orange.
Pre-1980's Music by Lyrics Stats
Can you name the Pre-1980's Music by Lyrics?
By
white43
8m
20 Questions
184 Plays
184 Plays
184 Plays
Comments
Comments
Give Quiz Kudos
Give Quiz Kudos
-
- Ratings
hide this ad
More Info
Replay
Link that replays current quiz
Next Quiz
Link to next quiz in quiz playlist
You Got
0%
They Got
Avg Score
31%
Avg Friend Score
Upgrade to see
Score Distribution
Jump to the score distribution portion of the page
Score
0/20
Timer
08:00
0
Plays Today
Lyric
Song
% Correct
You shake my nerves and you rattle my brain Too much love drives a man insane
Great Balls of Fire
82.6%
I like to dream yes, yes right between my sound machine On a cloud of sound I drift in the night Any place it goes is right
Magic Carpet Ride
59.2%
He was born a pauper to a pawn on a Christmas day When the New York Times said God is dead and the war's begun Alvin Tostig has a son today
Levon
58.2%
People say I'm the life of the party because I tell a joke or two Although I might be laughing loud and hardy Deep inside im blue
Tracks of My Tears
57.1%
I'll be over at ten You tell me time and again but you're late You let me down again
Build Me Up Buttercup
51.1%
Living is easy with eyes closed, misunderstanding all you see It's getting hard to be someone but it all works out
Strawberry Fields Forever
44.6%
When I had you to myself I didn't want you around Those pretty faces always made you stand out in a crowd
I Want You Back
44%
Whoa woman, oh woman don't treat me so mean, You're the meanest old woman that I've ever seen
Hit the Road Jack
34.2%
Slippin' away, sittin' on a pillow Waitin' for night to fall A girl and a dream, sittin' on a pillow This is the night to go to the celebrity ball
Celebrate
27.2%
I can turn a gray sky blue, I can make it rain whenever I wanted to
I Can't Get Next to You
27.2%
Lyric
Song
% Correct
I was born by the river in a little tent Oh and just like the river I've been running ever since
A Change is Gonna Come
24.5%
Can't you see the sunshine Can't you just feel the moonshine Aint it just like a friend of mone to hit form behind
Carolina in My Mind
23.4%
I've done a lot of foolish things that I didn't really mean Hey, hey yea, yea didn't I, oh baby
Signed, Sealed, Delivered
20.7%
Have you been aware? You got brothers and sisters who careAbout what's gonna happen to you In a year from now
Share the Land
16.8%
I'm so tired of on-
my-
own, won't you help me, girl, just as soon as you can
Tired of Being Alone
11.4%
Nearer and nearer by changing horses, still so far away People fighting for their places just get in my way Soon you'll leave and then I'll lose you Still we're going round
On a Carousel
10.9%
You are the one who can make us all laugh but doing that you break out in tears. Please don't be sad, if it were a straight mind you had we wouldn't have known you all these years
Dear Mr. Fantasy
10.9%
Wanna tell you about the girl I love My she looks so fine She's the only that I've been dreaming of, maybe someday she'll be all mine
Hey, Hey What Can I Do?
10.3%
Youre the apple of my eye Ice cream in my cherry pie, pie
Ro Ro Rosey
5.4%
Baby you turn me on but quick as a flash your love is gone Baby I'm gonna leave you now But I'm gonna try to make you grieve somehow
Fire and Water
3.3%
Quiz Playlist
Details
Report
Send in Message
Add To Playlist
More Info:
Songs from the golden age of music...anytime before 1980.
Classic:
Type in answers that appear in a list
Last Updated: Sep 6, 2017
Quiz Scoreboard
CHALLENGE
Sign Up to Join the Scoreboard
Show All
Scores
Hide
Comments
May contain spoilers
Recently Published
Find the 'City' Movie
by crazypaving
Movies
60s
5x2 Blitz: Bands
by SL_Kpop136
Music
30s
Colored Red Africa Blitz
by spor1
Geography
30s
More to Explore
Quiz From the Vault
Featured Blog Post
14 Easter Pick-up Lines to Find Eggs With
hide this ad
You Might Also Like...
Tags
Lyrics Quiz
Rock Quiz
1960
1960s
1970s
Classic Rock
Today's Top Quizzes in Music
Browse Music
hide this ad
Today's Top Quizzes in Rock
Browse Rock
Top Contributed Quizzes in Music
1
5X2 Blitz: Bands II
2
5X2 Blitz: The Beatles
3
Taylor Swift All Songs (2024)
4
5X2 Blitz: Billboard
5
Taylor Swift Logic Puzzle II
6
5X2 Blitz: Billboard II
7
Taylor Swift Logic Puzzle
8
5X2 Blitz: Rock
9
5X2 Blitz: Singers
10
5X2 Blitz: Album
Explore More
Trending Topics
Kpop
Marvel
Disney
NBA
Harry Potter
Anime
Crossword
Song
WWE
Soccer
The Office
Pokémon
Puzzle
NFL
Country
hide this ad
More By:
white43
Quiz
Plays
Rating
Category
Featured
Created
Pre-1980's Music by Lyrics
184
4.00
Music
Jan 30, 2011
Pre-1980's Bands by Members
127
Music
Jan 31, 2011
Go to Creator's Profile
Score Distribution
Quiz Creator Spotlight
white43
Follow
Send a Message
Quizzes Created
-
Created Quiz Play Count
-
More By This Creator
Popular Quizzes Today
1
Colored Red Africa Blitz
2
Find the 'City' Movie
3
Find the US States - No Outlines Minefield
4
5x2 Blitz: Bands
5
The Countries of the World
6
Find the US States
7
Find the Countries of Europe - No Outlines Minefield
8
US States
More Music Quizzes
Are You Ready to Rock? II
Published
Trending Quizzes
Colored Red Europe Blitz I
Colored Red Africa Blitz II
Colored Red Europe Blitz II
Colored Red Africa Blitz III
Colored Red Europe Blitz III
Recently Updated
How Do You Spell That?
pecheneg
Godzilla Movies
pecheneg
Grab Bag: 4-10 Letters
pecheneg
2024 March Madness Bracket
pecheneg
Famous TV Couples
Peacemaker
Champions League XIs: Real Madrid
pecheneg
Largest US Cities 1790-2010
pecheneg
Rides in Walt Disney World
pecheneg
Most Oscar Losses (Acting)
pecheneg
Beyoncé Albums
pecheneg
Trending Topics
Harry Potter
Kpop
Crossword
Anime
NBA
Marvel
Disney
Country
Pokémon
Soccer
Puzzle
Song
The Office
NFL
WWE
Your Account Isn't Verified!
In order to create a playlist on Sporcle, you need to verify the email address you used during registration. Go to your
Sporcle Settings
to finish the process.
Report this User
Report this user for behavior that violates our
Community Guidelines
.
Details:
Send Report
Go to the Sporcle.com Mobile Site →
Comments